000 00318nam a2200133Ia 4500
008 240126s9999 xx 000 0 und d
041 _aEnglish
245 0 _aSugyaan
260 _bSiva Sivani Institue of Management
_aIndia
440 _aNULL
650 _aManagement
650 _aSugyaan,Management
942 _cJN
999 _c266992
_d266992